| 000 | 00459cam a2200193ua 4500 | ||
|---|---|---|---|
| 001 | 6653 | ||
| 008 | 170320n ii |||gr||||Z||||||asm | ||
| 040 | _cMAIN | ||
| 041 | _aasm | ||
| 082 | _a516 | ||
| 245 |
_aEuclid aru geometry _cBy Dilip sarma |
||
| 250 | _a1st ed. | ||
| 260 |
_aGuwahati: _bPublication board Assam, _c1993. |
||
| 300 | _ax,50p. | ||
| 653 | _aGeometry | ||
| 653 | _aEuclid aru geometry | ||
| 700 |
_aSarma,Dilip, _eAuthor., |
||
| 942 | _cBK | ||
| 999 |
_c5802 _d5802 |
||